• 首页
  • 本馆介绍
  • 公告通知
  • 最新文献
  • 馆藏检索
  • 电子资源
  • 读者导购
  • 参考咨询
  • 我的图书馆
  • 登录
  • 详细信息显示
  • 放入我的书架
  • 预约/预借图书
  • 作者相关作品
  • 分类相关作品
  • 丛书相关作品
  • 出版社相关作品

书目信息

  • 表格格式
  • 工作单格式
  • 卡片格式
题名:
中国旅游业发展“十一五”规划纲要
    
 
作者: ;国家旅游局 汇编
分册:   专题篇
出版信息: 北京   中国旅游出版社  2008
页数: 252页
开本: 29cm
丛书名:
单 册:
中图分类: F592.1
科图分类:
主题词: 旅游业--五年计划--中国--2006~2010 , 旅游业 , 五年计划
电子资源:
ISBN: 978-7-5032-3415-6
000 00933nam0 2200241 450
001 1233875656
005 20121005092522.48
010    @a978-7-5032-3415-6@dCNY38.00
100    @a20080729d2008 em y0chiy50 ea
101 0  @achi
102    @aCN@b110000
105    @ay z 000yy
200 1  @a中国旅游业发展“十一五”规划纲要@Azhong guo lv you ye fa zhan shi yi wu gui hua gang yao@i专题篇@f中华人民共和国国家旅游局汇编
210    @a北京@c中国旅游出版社@d2008
215    @a252页@d29cm
330    @a本书是中国旅游业发展“十一五”规划成果体系的重要组成部分,由“旅游业在全国建设小康社会和构建和谐社会中的综合功能研究”、“中国旅游产业竞争力研究”、“中国建设世界旅游强国的内涵及指标体系研究”三篇组成。
606 0  @a旅游业@x五年计划@y中国@z2006~2010
606 0  @a旅游业
606 0  @a五年计划
690    @aF592.1@v4
711 02 @a国家旅游局@Aguo jia lv you ju@4汇编
801  0 @aCN@bNLC@c20101222
905    @a10447@dF592.1@eJY56
    
    中国旅游业发展“十一五”规划纲要.专题篇/中华人民共和国国家旅游局汇编.-北京:中国旅游出版社,2008
    252页;29cm
    
    
    ISBN 978-7-5032-3415-6:CNY38.00
    本书是中国旅游业发展“十一五”规划成果体系的重要组成部分,由“旅游业在全国建设小康社会和构建和谐社会中的综合功能研究”、“中国旅游产业竞争力研究”、“中国建设世界旅游强国的内涵及指标体系研究”三篇组成。
●
相关链接 在E读中查询图书 在五车中查询图书 在当当中查询图书 在豆瓣中查询图书


正题名:中国旅游业发展"十一五"规划纲要     索取号:F592.1/JY56         预约/预借

序号 登录号 条形码 馆藏地/架位号 状态 备注
1 7814034   278140343   学院路分馆/ [索取号:F592.1/JY56] 在馆    
2 7814035   278140352   学院路分馆/ [索取号:F592.1/JY56] 在馆    
唐山师范学院图书馆 欢迎您!
大连网信软件有限公司© 版权所有